Czy rozpoznasz top 50 polskich piłkarzy po jego transferze? 2022 - Statystyki

Ogólne statystyki
  • Ten quiz został rozwiązany 447 razy
  • Średni wynik to 28 z 50
Statystyki odpowiedzi
Transfer lub Wybożyczenie Zawodnik % Poprawnych
Bayern Monachium ---> FC Barcelona (transfer) Robert Lewandowski
100%
FC Arsenal ---> Juventus Turyn (transfer) Wojciech Szczęsny
93%
Udinese Calcio ---> SSC Napoli (transfer) Piotr Zieliński
91%
Swansea City ---> West Ham United (transfer) Łukasz Fabiański
88%
Krasnodar ---> Al-Shabab (wypożyczenie) Grzegorz Krychowiak
87%
SSC Napoli ---> Olympique Marseille (transfer) Arkadiusz Milik
81%
AS Monaco ---> Benevento Calcio (transfer) Kamil Glik
79%
Lech Poznań ---> FC Southampton (transfer) Jan Bednarek
76%
AC Fiorentina ---> Hertha BSC (powrót z wypożyczenia) Krzysztof Piątek
74%
VfL Wolfsburg ---> Wisła Kraków (transfer) Jakub Błaszczykowski
71%
Liverpool U23 ---> FC Kopenhaga (transfer) Kamil Grabara
71%
Lech Poznań ---> Brighton & Hove Albion (transfer) Jakub Moder
69%
West Bromwich Albion ---> Pogoń Szczecin (transfer) Kamil Grosicki
69%
Borussia Dortmund ---> LKS Goczałkowice-Zdrój (transfer) Łukasz Piszczek
69%
Dynamo Moskwa ---> Feyenoord Rotterdam (wypożyczenie) Sebastian Szymański
69%
Lech Poznań ---> VfL Wolfsburg (transfer) Jakub Kamiński
67%
VfB Stuttgart ---> FC Schalke 04 (transfer) Marcin Kamiński
67%
Chicago Fire FC ---> RC Lens (transfer) Przemysław Frankowski
67%
Lokomotiw Moskwa ---> Spartak Moskwa (transfer) Maciej Rybus
66%
Bournemouth ---> Legia Warszawa (transfer) Artur Boruc
62%
PAOK Saloniki ---> Charlotte FC (transfer) Karol Świderski
62%
MKE Ankaragücü ---> Jagiellonia Białystok (transfer) Michał Pazdan
58%
Legia Warszawa ---> UC Sampdoria (transfer) Bartosz Bereszyński
57%
Derby County ---> Charlotte FC (transfer) Kamil Józwiak
57%
Trabzonspor ---> 1.FC Union Berlin (powrót z wypożyczenia) Tymoteusz Puchacz
57%
FC Arsenal ---> Derby County (transfer) Krystian Bielik
56%
AS Roma ---> FC Bologna (transfer) Łukasz Skorupski
55%
New England Revolution ---> RC Lens (transfer) Adam Buksa
53%
Leicester City ---> Legia Warszawa (transfer) Bartosz Kapustka
52%
FC Utrecht ---> Leeds United (transfer) Mateusz Klich
52%
BEZ KLUBU ---> Wieczysta Kraków (----------) Sławomir Peszko
52%
Raków Częstochowa ---> Red Bull Salzburg (transfer) Kamil Piątkowski
51%
Lech Poznań ---> Fortuna Düsseldorf (tranfer) Dawid Kownacki
50%
1.FC Union Berlin ---> FC Augsburg (transfer) Rafal Gikiewicz
49%
UC Sampdoria ---> Torino FC (transfer) Karol Linetty
48%
Empoli ---> AC Fiorentina (transfer) Bartłomiej Drągowski
47%
Kairat Almaty ---> VfL Bochum (transfer) Jacek Góralski
44%
Royale Union Saint Gilloise ---> Brighton & Hove Albion (powrót z wypożyczenia) Kacper Kozłowski
43%
Legia Warszawa ---> Clermont Foot 63 (transfer) Mateusz Wieteska
43%
Lech Poznań ---> FC Augsburg (transfer) Robert Gumny
43%
Benfika Lizbona ---> Hellas Verona (tranfer) Paweł Dawidowicz
40%
SD Eibar ---> Piast Gliwice (transfer) Damian Kądzior
37%
Legia Warszawa ---> Portland Timbers (transfer) Jarosław Niezgoda
36%
Cracovia ---> FC Barnsley (transfer) Michał Helik
35%
SPAL ---> Reggina 1914 (transfer) Thiago Cionek
27%
Celtic Glasgow ---> New York Red Bulls (transfer) Patryk Klimala
25%
Piast Gliwice ---> Nagoya Grampus (transfer) Jakub Swierczok
23%
Aris Limassol ---> Hellas Verona (transfer) Mariusz Stępiński
21%
LR Vicenza ---> BEZ KLUBU (----------) Łukasz Teodorczyk
13%
Śląsk Wrocław ---> Hellas Verona (wypożyczenie) Mateusz Praszelik
10%
Nie znaleziono quizów pasujących do podanych kryteriów
Rozkład punktacji
Procent ludzi z każdym wynikiem
Percentyl według liczby udzielonych odpowiedzi
Twoja historia wyników
Nie rozwiązałeś tego quizu